| 000 | 00493nam a2200169 i 4500 | ||
|---|---|---|---|
| 001 | 78013 | ||
| 003 | ES-MaACL | ||
| 005 | 20230906173509.0 | ||
| 007 | t| | ||
| 008 | 041008s1920 sp ||||1| spa d | ||
| 100 | 1 |
_aHamsun, Knut. _961705 |
|
| 245 | 1 | 0 |
_aHambre _b: (novela) / _cKnut Hamsun ; versión del alemán por Alberto de Flos. |
| 260 |
_aMadrid : _b[s.n., _c1920] ( _fImp. Helénica) |
||
| 300 |
_a243 p. ; _c19 cm. |
||
| 700 | 1 |
_aFlos, Alberto de. _951356 |
|
| 852 |
_aES-MaACL _jF-3323 |
||
| 999 |
_c78013 _d78013 |
||